Manual de procedimiento laboral /

Bibliographic Details
Main Author: Silva Montes, Rodrigo
Format: Book
Language:Spanish
Published: Santiago : Jurd̕ica de Chile, [2009]
Edition:2. ed. actualizada.
Series:Colección Manuales jurídicos ; 115
Subjects:
Online Access:Acceso restringido

MARC

LEADER 00000cam a22000004a 4500
005 2011070506296.0
008 090825s2009 cl b 000 0 spa
010 |a  2009480277 
020 |a 956-10-1964-7 
035 |a 5360 
040 |a DLC  |c DLC  |d vLex 
043 |a s-cl--- 
050 0 0 |a KHF1840  |b .S55 2009 
090 |c 2163  |d 2163 
100 1 |a Silva Montes, Rodrigo. 
245 1 0 |a Manual de procedimiento laboral /  |c Rodrigo Silva Montes.  |h [Recurso electrn̤ico] 
250 |a 2. ed. actualizada. 
256 |a Servicio en ln̕ea. 
260 |a Santiago :  |b Jurd̕ica de Chile,  |c [2009] 
300 |a 131 p. ;  |c 28 cm. 
490 0 |a Colección Manuales jurídicos ;  |v 115 
504 |a Incluye referencias bibliogrf̀icas 
506 1 |a Contenido solo disponible en los productos indicados  |d vLex Global  |d vLex Global (Academic Edition, excluding Law Schools)  |d vLex Global (U.S. Academic Edition, Law Schools)  |d vLex Global (U.S. Academic Edition, excluding Law Schools)  |d vLex Global (Academic Edition, Law Schools) 
650 0 |a Labor courts  |z Chile. 
650 0 |a Labor laws and legislation  |z Chile. 
740 0 |a vLex Libros (Servicio en ln̕ea) 
856 4 0 |u http://vlex.com/source/manual-procedimiento-laboral-5360  |z Acceso restringido 
942 |c BOOK 
955 |b bg06 08-26-2009 to LAW  |c xg18 2009-09-28  |a Barcode 00180224324 returned from bindery 2009-11-13